Hunderassen erkennen (Bildquiz) - Statistiken

Allgemein
  • Dieses Quiz wurde 93 mal gespielt
  • Das Durchschnittsergebnis liegt bei 27 aus 50
Antwortstatistiken
Bildquiz Antwort % Korrekt
Dalmatiner
97%
Husky
92%
Deutscher Schäferhund
91%
Mops
89%
Dackel
87%
Beagle
84%
Langhaarcollie
84%
Labrador
83%
Deutsche Dogge
82%
Golden Retriever
80%
Chihuahua
79%
Rottweiler
79%
Afghanischer Windhund
78%
Bernhardiner
71%
Deutscher Boxer
71%
Dobermann
70%
Chow Chow
66%
Corgi
66%
Berner Sennenhund
64%
Border Collie
64%
Französische Bulldogge
58%
Yorkshire Terrier
57%
Zwergspitz
57%
Malteser
55%
Bullterrier
50%
Irischer Wolfshund
50%
American Pitbull Terrier
46%
Zwergpudel
46%
Bloodhound
45%
Neufundländer
45%
Riesenschnauzer
41%
Australian Shepherd
39%
Englische Bulldogge
39%
Jack Russell Terrier
39%
Ridgeback
39%
Münsterländer
38%
Zwergpinscher
38%
Königspudel
34%
American Akita
32%
English Mastiff
32%
Zwergschnauzer
32%
Cocker Spaniel
29%
Havaneser
28%
Greyhound
26%
Italienisches Windspiel
26%
Shar-Pei
25%
Affenpinscher
22%
Airedale Terrier
22%
Old English Sheepdog
17%
Kromfohrländer
7%
Keine übereinstimmenden Quizze gefunden
Verteilung der Resultate
Anzahl Personen mit jedem Resultat
Perzentil nach korrekt beantworteten Fragen
Ihre Resultats-Entwicklung
Sie haben dieses Quiz noch nicht gespielt